Séries de bande dessinée par image #2 - Statistiques

Statistiques générales
  • Ce quiz a été pris 1 745 fois
    1 710 depuis la dernière actualisation
  • Le résultat moyen est 5 sur 15
Statistiques - réponses
Par images Hint Réponse % Correct
(Midam) Kid Paddle
87%
(Pinchon, Rivière) Bécassine
63%
(Clarke, Gilson) Mélusine
48%
(Peyo) Benoît Brisefer
46%
(Leloup) Yoko Tsuno
38%
(de Gieter) Papyrus
37%
(Bédu, Cauvin) Les Psy
34%
(Watterson)* Calvin et Hobbes
33%
(Hergé) Quick et Flupke
33%
(Gos) Le Scrameustache
26%
(Forton) Les Pieds Nickelés
23%
(BéKa, Etien) Champignac
22%
(Charlier, Hubinon, Troisfontaines) Buck Danny
18%
(Colman, Desberg) Billy the Cat
12%
(Berck, Cauvin) Sammy
9%
Aucun quiz correspondant
Distribution des résultats
% des personnes avec chaque résultat
Percentile par nombre de réponses
Votre historique - résultats
Vous n’avez pas pris ce quiz depuis la dernière actualisation